Easy General Knowledge - Multiple Choice - Statistics

General Stats
  • This quiz has been taken 1,882 times
    1,878 since last reset
  • The average score is 18 of 20
Answer Stats
Question Answer % Correct
What colour is healthy grass? Green
99%
What is a cow? An Animal
97%
What is the wet liquid that makes up all oceans? Water
97%
Who landed in the Caribbean in 1492 Christopher Columbus
96%
Complete the word : Kim Kardashia-? Kim Kardashian
96%
Where is London? United Kingdom
96%
What website is this quiz on? JetPunk
95%
Who invented the lightbulb? Thomas Edison
95%
Who is the Talking Tangerine that controls the United States? Donald Trump
94%
Where is Big Ben? London
94%
Which of these wasn’t a real war? Thingy
94%
What is the United States Of America? A Country
91%
What is the warmest season in the northern hemisphere? Summer
91%
What is the largest mountain on Earth? Mt. Everest
89%
Which English King had 6 wives? Henry VIII
88%
What is the poorest continent? (GDP per capita) Africa
85%
What are the KKK? Terrorists
85%
How many Toy Story films are there? 4
68%
What is the longest river in the world? Nile
63%
Which Music Group Sang “Shout Out To My Ex”? Little Mix
59%
No matching quizzes found
Score Distribution
Percent of People with Each Score
Percentile by Number Answered
Your Score History
You have not taken this quiz since the last reset